00499nam a2200145Ia 4500008004100000245012200041260001700163260000900180300000800189650002300197650001200220856002900232999001900261952007300280170516s9999 xx 000 0 und d aChemical Conjugation of Evans Blue Derivative: A Strategy to Develop Long-Acting Therapeutics through Albumin Binding bTheranostics c2016 a6:2 xMedical Technology xMedtech uhttp://www.thno.org/v6i2 c330087d330087 001040aCLbCLd2017-05-16l0r2017-05-16 00:00:00w2017-05-16yFOJ